000 01008cam a22003251 4500
001 2185
003 FISKH
005 20250724110746.0
008 790511s1956 xx a 000 0 eng
010 _a 56013805
020 _a033500987717
020 _a033500713002
040 _aDLC
_cMoU
_dDLC
_beng
050 0 0 _aPZ8.3.M7835
_bMy
082 _a513.2
100 1 _aMoore, Lilian.
245 1 0 _aMy first counting book /
_cBy Lilian Moore ; Pictures by Garth Williams.
260 _aRacine :
_bGolden Book ;
_c1956.
300 _a24 unnumbered pages :
_bcolor illustrations ;
_c21 cm
490 0 _aA little Golden book
505 _aO
520 _aA counting book in rhyme introduces the reader to various animals and the numbers one through ten.
521 8 _a600
_bLexile estimate
521 8 _aO
_bRaz-Plus
650 1 _aStories in rhyme.
650 1 _aAnimals
_vFiction.
650 1 _aCounting.
906 _a7
_bcbc
_coclcrpl
_du
_encip
_f19
_gy-gencatlg
942 _2ddc
_cBK
_n0
999 _c2185
_d2185